Návrh telekomunikačného uzla na báze LTE

Saved in:
Bibliographic Details
Main Author: Čiaš, Tomáš (Author)
Other Authors: Baroňák, Ivan (Thesis advisor)
Format: Manuscript Book
Language:Slovak
Published: 2018
Subjects:
Online Access:http://is.stuba.sk/zp/portal_zp.pl?podrobnosti=98029
Tags: Add Tag
No Tags, Be the first to tag this record!

MARC

LEADER 00000ntm a22000003a 4500
001 stuzp54806
003 SK-STU
005 20181025123144.1
007 ta
008 150427s2015----xo-----f-mn---000-0-slo-d
040 |a STU  |b slo 
041 0 |a slo 
044 |a xo 
100 1 |a Čiaš, Tomáš  |u 037000  |4 aut  |U FEI Fakulta elektrotechniky a informatiky  |T FEI Ústav multimediálnych informačných a komunikačných technológií  |X 54243  |U E070  |Y 818  |7 54243 
242 0 1 |a Design of telecommunications node based on LTE  |y eng 
245 1 0 |a Návrh telekomunikačného uzla na báze LTE 
260 |c 2018 
300 |a 50 s.,  |b CD-ROM 
650 4 |a IP Multimedia Subsystem  |2 eng 
650 4 |a stud material  |2 eng 
650 4 |a LTE  |2 eng 
650 4 |a IMS  |2 eng 
650 4 |a IMS  |2 slo 
650 4 |a LTE  |2 slo 
650 4 |a IP Multimediálny podsystém  |2 slo 
700 1 |a Baroňák, Ivan  |u 037000  |k Z1  |4 ths  |U FEI Fakulta elektrotechniky a informatiky  |T FEI Ústav multimediálnych informačných a komunikačných technológií  |X 1925  |U E070  |Y 818  |7 A000001925 
856 4 |u http://is.stuba.sk/zp/portal_zp.pl?podrobnosti=98029 
996 |b 284ER02639  |c E*Bc- 2639  |l EE37  |s P  |a 0  |w stuzp54806_0001